000 00712nam a2200289Ia 4500
005 20260324152414.0
008 008 260324s9999 xx 000 0 eng d
020 _a9780128094648
037 _aEBOOK
040 _aCRL
040 _beng
040 _cCRL
041 _2eng
041 _aeng
084 _qCRL
100 _aRomero-González, Roberto
_91228848
245 0 _aApplications in High Resolution Mass Spectrometry
260 _bElsevier
260 _c2017
650 _a Food Sciences
650 _aAgricultural
650 _aBiological
856 _uhttps://www.sciencedirect.com/science/book/9780128094648
942 _cEBOOK
999 _c1839422
_d1839422